02079nam a22002537a 450000500170000000800410001704000440005804100080010208200170011010000340012724201680016124501460032925000370047526000800051230000370059250004640062950504990109350600210159254600220161365000280163565000190166365000420168285601010172420170201135045.0130821n enk fr eng d aCo-BoUCMbspacSandra YazodSandra Yazo00aeng a282.09422201 aNewman, John Henryd1801-189000aConferencias sobre la situación actual de los católicos en Inglaterra, bdirigidas a los Hermanos del Oratorio en el verano de 1851cpor John Henry Newmanyspa00aLectures on the present position of catholics in Englandbadressed to the Brothers of the Oratory in the Summer of 1851cby John Henry Newman aFifth Edition [Quinta edición] aLondon [Londres] (Inglaterra)bBurns, Oates, & Companyc[fecha desconocida] axiii, 416 páginasc19 x 13 xcm aDetalles físicos: Encuadernación rígida en cartón duro forrado en tela texturizada. Lomo con adornos en dorado. Tapas con recuadro repujado en los bordes y en el centro. Guardas, la delantera con una raspadura. Anteportada. Portada impresa en una sola tinta, con algunos impresos en caracteres góticos. Texto impreso en una sola columna. Nota al pie de página. Hojas con bordes irregulares y manchados. Índice. Lomo con manchas por cinta pegante0 aLa perspectiva protestante sobre la Iglesia Católica ; Tradición que apoya la validez y fuerza de esta perspectiva protestante ; Debilidad de las bases de dicha perspectiva ; Testimonios sobre la insuficiencia del punto de vista protestante ; Las inconsistencias lógicas ; Los prejuicios vitales ; Los supuestos principios intelectuales de esta perspectiva protestante ; La ignorancia respecto a los católicos ; Responsabilidad de los católicos ante estos puntos de vista protestantes aConsulta en sala aTexto en inglés 7aCatólicoszInglaterra 7aApologética  7aOratoriavEnsayos, conferencias, etc.41uhttps://archive.org/stream/a2454789smrn00newmuoft#page/n5/mode/2upzDisponible edición de 1891